Cliquez sur le bon pays en Afrique - Statistiques

Statistiques générales
  • Ce quiz a été pris 339 fois
  • Le résultat moyen est 36 sur 54
Réponses sur la Carte
Les réponses sont colorées sur une échelle allant du rouge au vert en fonction du pourcentage des utilisateurs qui les ont devinées à leur premier essai. Vous pouvez retrouver ces pourcentages ci-dessous.
 
Statistiques - réponses
Réponse % Correct
Afrique du Sud
80%
Madagascar
80%
Maroc
79%
Algérie
78%
Égypte
77%
République Démocratique du Congo
77%
Tunisie
77%
Libye
75%
Soudan
74%
Cap-Vert
73%
Tchad
73%
Mali
72%
Mauritanie
71%
Soudan du Sud
71%
Comores
70%
Nigeria
70%
Seychelles
70%
Djibouti
69%
République Centrafricaine
69%
Namibie
68%
Somalie
68%
Eswatini
67%
Éthiopie
67%
Guinée-Bissau
67%
Sénégal
67%
Angola
66%
Botswana
66%
Lesotho
66%
Maurice
66%
Érythrée
65%
Niger
65%
Côte d'Ivoire
64%
Mozambique
64%
Cameroun
63%
Kenya
63%
Sao Tomé-et-Principe
63%
Rwanda
62%
Bénin
61%
Burundi
61%
Tanzanie
61%
Zimbabwe
61%
Burkina Faso
60%
Ghana
60%
Guinée équatoriale
60%
Togo
60%
Ouganda
58%
Guinée
57%
Gabon
56%
Malawi
56%
République du Congo
56%
Sierra Leone
56%
Liberia
55%
Zambie
55%
Gambie
52%
Aucun quiz correspondant
Distribution des résultats
% des personnes avec chaque résultat
Percentile par nombre de réponses
Votre historique - résultats
Vous n’avez pas pris ce quiz